| 000 | 00658nam a2200253Ia 4500 | ||
|---|---|---|---|
| 003 | OSt | ||
| 005 | 20220924114113.0 | ||
| 006 | a|||||r|||| 00| 0 | ||
| 007 | ta | ||
| 008 | 220923b |||||||| |||| 00| 0 urd d | ||
| 020 | _c6.00 | ||
| 024 | _a316495 | ||
| 037 | _cTextual | ||
| 040 |
_aARTS _cARTS _burd |
||
| 041 |
_2urd _aurd |
||
| 082 | _aO168,2NHT,2, M3 | ||
| 100 |
_aHabib Tanveer _9171875 |
||
| 245 | 0 | _aShatranj ke mohrey | |
| 260 |
_aAligarh _bUrdu Ghar India _c1983 |
||
| 300 |
_a80p. _ccm. |
||
| 650 |
_aURDU DRAMA _9171876 |
||
| 942 |
_hO168,2NHT,2, M3 _cTEXL _2CC |
||
| 999 |
_c391922 _d391922 |
||